000 01221cam a22003497a 4500
003 CHAP
005 20220329141936.0
008 980828d1981 mx a r 00110 spa d
010 _a76038
011 _a77010
035 _a86606
040 _cCHAP
090 _aTesis
100 0 0 _aEscalante Poot, José Rubén.
_937404
245 1 0 _aIdentificación de las principales enfermedades de raíz, tronco y ramas del cacao (Theobroma cacao) en el estado de Tabasco
_c/por José Rubén Escalante Poot
260 _aChapingo, Méx. :
_bEl autor,
_c1981.
300 _a33 h. :
_bilus.
500 _aFotocopia
502 _aTesis (Ing. Agr. Esp. en Agricultura Tropical) -- Colegio Superior de Agricultura Tropical
590 _aALEPH
_b10
_c20130110
_lUCH01
_h1425
590 _aBATCH-UPD
_b10
_c20130110
_lUCH01
_h0815
590 _aBATCH-UPD
_b10
_c20130410
_lUCH01
_h0452
590 _aBATCH-UPD
_b10
_c20130914
_lUCH01
_h0804
590 _aCONVERSION
_b10
_c20130109
_lUCH01
_h1342
650 1 4 _aCacao
_xEnfermedades.
_916941
650 1 4 _aCacao
_xPlagas.
_916963
650 1 4 _aCacao
_xTabasco.
_916973
901 _aBK
905 _aMayto Villalobos S.
942 _cTESIS
949 _bBC
_cTES
_d866061
_eTS1
_h32607
_i86606
_sb
999 _c76038
_d76038